Reforma štátnej správy v kontexte súčasných trendov
Reformné procesy a financovanie systému verejnej správy Slovenskej republiky. Prebudovanie štruktúry a financovania systému verejnej správy na efektívnu, spoľahlivú a otvorenú (ESO) štátnu správu, je nevyhnutnou úlohou v snahe úspešne konsolidovať verejné financie.
Guardado en:
| Autor principal: | |
|---|---|
| Formato: | Capítulo de libro |
| Lenguaje: | eslovaco |
| Materias: | |
| Etiquetas: |
Sin Etiquetas, Sea el primero en etiquetar este registro!
|
MARC
| LEADER | 00000nla a2200000 4500 | ||
|---|---|---|---|
| 001 | 0190363 | ||
| 005 | 20240502073212.8 | ||
| 041 | 0 | |a slo | |
| 044 | |a SK | ||
| 245 | 1 | 0 | |a Reforma štátnej správy v kontexte súčasných trendov |c Zuzana Neupauerová |
| 520 | |a Reformné procesy a financovanie systému verejnej správy Slovenskej republiky. Prebudovanie štruktúry a financovania systému verejnej správy na efektívnu, spoľahlivú a otvorenú (ESO) štátnu správu, je nevyhnutnou úlohou v snahe úspešne konsolidovať verejné financie. | ||
| 610 | 2 | 0 | |a správa štátna |
| 610 | 2 | 0 | |a správa verejná |
| 610 | 2 | 0 | |a konsolidácia |
| 610 | 2 | 0 | |a reformy |
| 610 | 2 | 0 | |a informatizácia |
| 610 | 2 | 0 | |a digitalizácia |
| 610 | 2 | 0 | |a správa verejná elektronická |
| 100 | 1 | |a Neupauerová, Zuzana | |